[Event "22PCR_F"]
[Site "?"]
[Date "2010.??.??"]
[Round "?"]
[White "Bultman, Milan"]
[Black "Fejfar, Vlastimil"]
[Result "1-0"]
[WhiteElo "2105"]
[BlackElo "2186"]
[PlyCount "69"]
[EventDate "2010.??.??"]
[EventType "corr"]

1. d4 Nf6 2. Nf3 d5 3. c4 c6 4. Nc3 e6 5. e3 Nbd7 6. Bd3 dxc4 7. Bxc4 c5 8. O-O
Be7 9. Qe2 O-O 10. dxc5 Bxc5 11. e4 Re8 12. Bg5 h6 13. Bh4 g5 14. Bg3 Nh5 15.
e5 Nxg3 16. hxg3 g4 17. Nd4 Qg5 18. Ne4 Qh5 19. Nxc5 Nxc5 20. Rad1 Nd7 21. Bb5
Re7 22. Qe3 Qg5 23. Qa3 f5 24. Ne2 a6 25. Nf4 Nxe5 26. Rfe1 Nc6 27. Bxc6 bxc6
28. Rd8+ Kh7 29. Qd6 Rea7 30. Re8 Rf7 31. Rd1 e5 32. Qxe5 Qg7 33. Qc5 Bb7 34.
Rxa8 Bxa8 35. Rd8 1-0

[Event "22PCR_F"]
[Site "?"]
[Date "2010.??.??"]
[Round "?"]
[White "Cvak, Rudolf"]
[Black "Fejfar, Vlastimil"]
[Result "1-0"]
[WhiteElo "2080"]
[BlackElo "2186"]
[PlyCount "93"]
[EventDate "2010.??.??"]
[EventType "corr"]

1. e4 e5 2. Nf3 Nc6 3. Bc4 Nf6 4. Ng5 Bc5 5. Nxf7 Bxf2+ 6. Kf1 Qe7 7. Nxh8 d5
8. exd5 Nd4 9. d6 Qxd6 10. Nf7 Qc5 11. d3 e4 12. b4 Qf5 13. dxe4 Nxe4 14. g4
Qg6 15. h3 Qc6 16. Ne5 Qf6 17. Nf3 Bh4 18. Bb2 Qxf3+ 19. Qxf3 Nxf3 20. Bd5 Nfg5
21. Rh2 Ng3+ 22. Kg2 c6 23. Bb3 Bd7 24. Bxg7 c5 25. Nc3 O-O-O 26. Bd5 cxb4 27.
Be5 Bc6 28. Bxc6 Rd2+ 29. Kg1 bxc3 30. Rg2 bxc6 31. Bxg3 Bxg3 32. Rxg3 Rxc2 33.
Re1 Rxa2 34. Rxc3 Ra4 35. Rxc6+ Kd7 36. Rc3 h6 37. Rd3+ Kc6 38. Rc1+ Kb5 39.
Rd5+ Kb4 40. Rd4+ Ka5 41. Rc5+ Kb6 42. Rxa4 Kxc5 43. h4 Nf3+ 44. Kf2 Ne5 45.
Ra5+ Kd4 46. Kg3 Ke4 47. Rxa7 1-0

[Event "22PCR_F"]
[Site "?"]
[Date "2010.??.??"]
[Round "?"]
[White "Vlacil, Vladimir"]
[Black "Chvojka, Jaroslav"]
[Result "0-1"]
[WhiteElo "2125"]
[BlackElo "2132"]
[PlyCount "56"]
[EventDate "2010.??.??"]
[EventType "corr"]

1. e4 e5 2. Nf3 Nc6 3. Bb5 Bc5 4. O-O Nd4 5. Nxd4 exd4 6. d3 c6 7. Ba4 Ne7 8.
f4 O-O 9. f5 d5 10. Nd2 f6 11. Bb3 Bd6 12. Nf3 c5 13. Nh4 Qc7 14. exd5 Bxh2+
15. Kh1 Bd6 16. Bf4 b5 17. Qe2 Rf7 18. Bxd6 Qxd6 19. a4 bxa4 20. Rxa4 g5 21.
fxg6 hxg6 22. Nf3 Bd7 23. Raa1 Rh7+ 24. Kg1 Nf5 25. Qd2 Kg7 26. Rfe1 Rah8 27.
Kf1 Rh1+ 28. Ke2 Re8+ 0-1

[Event "22PCR_F"]
[Site "?"]
[Date "2010.??.??"]
[Round "?"]
[White "Fejfar, Vlastimil"]
[Black "Struzka, Vlastimil"]
[Result "1/2-1/2"]
[WhiteElo "2186"]
[BlackElo "2235"]
[PlyCount "71"]
[EventDate "2010.??.??"]
[EventType "corr"]

1. e4 c5 2. Nf3 Nc6 3. d4 cxd4 4. Nxd4 Nf6 5. Nc3 e6 6. Ndb5 d6 7. Bf4 e5 8.
Bg5 a6 9. Na3 Be6 10. Nc4 Rc8 11. Bxf6 Qxf6 12. Nb6 Rb8 13. Ncd5 Qg6 14. Qd3
Be7 15. Nc7+ Kd8 16. Ncd5 f5 17. f3 fxe4 18. fxe4 Bg5 19. Be2 Bxd5 20. Nxd5 Rf8
21. h4 Bh6 22. g4 Bf4 23. c3 Ne7 24. h5 Qe6 25. Nxf4 exf4 26. e5 Qxe5 27. O-O-O
Kc7 28. Rhe1 Qe3+ 29. Qxe3 fxe3 30. Rd3 Nc6 31. Rxe3 Ne5 32. Kc2 Rf2 33. b4
Rbf8 34. Kb3 Rg2 35. c4 Rff2 36. c5 1/2-1/2

[Event "22PCR_F"]
[Site "?"]
[Date "2010.??.??"]
[Round "?"]
[White "Vlacil, Vladimir"]
[Black "Urban, Miroslav"]
[Result "0-1"]
[WhiteElo "2125"]
[BlackElo "2231"]
[PlyCount "60"]
[EventDate "2010.??.??"]
[EventType "corr"]

1. d4 Nf6 2. c4 e6 3. Nc3 d5 4. Bg5 Be7 5. e3 O-O 6. Nf3 h6 7. Bh4 b6 8. Be2
Bb7 9. Bxf6 Bxf6 10. cxd5 exd5 11. b4 Qd6 12. Qb3 c6 13. O-O Nd7 14. Rfe1 a5
15. a3 axb4 16. axb4 Be7 17. Rxa8 Rxa8 18. Rb1 Qg6 19. Ne1 b5 20. Nd3 Nb6 21.
Ne5 Qf6 22. Bh5 g6 23. Bg4 Bd6 24. f4 Nc4 25. Nxc4 dxc4 26. Qb2 Qe7 27. e4 Bxf4
28. Rd1 Rd8 29. Qf2 Qg5 30. Qf3 Be3+ 0-1

[Event "22PCR_F"]
[Site "?"]
[Date "2010.??.??"]
[Round "?"]
[White "Urban, Miroslav"]
[Black "Vlacil, Vladimir"]
[Result "1-0"]
[WhiteElo "2231"]
[BlackElo "2125"]
[PlyCount "61"]
[EventDate "2010.??.??"]
[EventType "corr"]

1. c4 Nf6 2. d4 e6 3. Nc3 Bb4 4. Qc2 d5 5. cxd5 exd5 6. Bg5 h6 7. Bh4 c5 8.
dxc5 g5 9. Bg3 Ne4 10. e3 Qa5 11. Be5 O-O 12. Bd3 Nc6 13. Bxe4 Nxe5 14. Bxd5
Bg4 15. f3 Rad8 16. O-O-O Bh5 17. Nge2 Bxc5 18. e4 b5 19. Bb3 Kg7 20. Kb1 Bg6
21. h4 gxh4 22. Nd5 Rc8 23. Nef4 Qa6 24. Qd2 Qb7 25. Rxh4 Rc6 26. Ne6+ fxe6 27.
Qxh6+ Kf7 28. Qf4+ Kg8 29. Nf6+ Rxf6 30. Qxf6 Qg7 31. Rd8+ 1-0

[Event "22PCR_F"]
[Site "?"]
[Date "2010.??.??"]
[Round "?"]
[White "Fejfar, Vlastimil"]
[Black "Chvojka, Jaroslav"]
[Result "0-1"]
[WhiteElo "2186"]
[BlackElo "2132"]
[PlyCount "80"]
[EventDate "2010.??.??"]
[EventType "corr"]

1. e4 e5 2. Nf3 Nc6 3. Bc4 Bc5 4. c3 Nf6 5. d4 exd4 6. cxd4 Bb4+ 7. Nc3 Nxe4 8.
O-O Bxc3 9. d5 Ne5 10. bxc3 Nxc4 11. Qd4 O-O 12. Qxc4 Nd6 13. Qd3 Qf6 14. Re1
b6 15. Bg5 Qg6 16. Qd2 f6 17. Bf4 Bb7 18. Re7 Ne4 19. Qd4 Rfe8 20. Nh4 Qh5 21.
Qxe4 Rxe7 22. Qxe7 Qxh4 23. Bxc7 Qa4 24. Qb4 Qc2 25. d6 Kh8 26. Qc4 Re8 27. Rf1
Re2 28. Qg4 Bc6 29. h3 Qxa2 30. Qg3 Qd2 31. Ra1 a5 32. c4 a4 33. Rf1 Qd4 34.
Bd8 Re5 35. h4 Re4 36. Rc1 Qb2 37. Qc3 a3 38. Qxb2 axb2 39. Rb1 Re2 40. Bxb6
Be4 0-1

[Event "22PCR_F"]
[Site "?"]
[Date "2010.??.??"]
[Round "?"]
[White "Goc, Pavel"]
[Black "Slavik, Miroslav"]
[Result "1-0"]
[WhiteElo "2154"]
[BlackElo "2263"]
[PlyCount "51"]
[EventDate "2010.??.??"]
[EventType "corr"]

1. d4 Nf6 2. Nf3 d5 3. e3 e6 4. Bd3 Nbd7 5. Nbd2 c5 6. c3 Bd6 7. O-O O-O 8. Re1
Qc7 9. e4 cxd4 10. cxd4 dxe4 11. Nxe4 Nxe4 12. Rxe4 h6 13. Bxh6 f5 14. Rxe6 Nf6
15. Rc1 Bxe6 16. Rxc7 Bxc7 17. Bg5 Ne4 18. Qc2 Rac8 19. Bxe4 Bb6 20. Qb1 fxe4
21. Qxe4 Bxa2 22. Ne5 Rfe8 23. h4 Rc6 24. b3 Bxb3 25. Qf3 Rce6 26. Qxb3 1-0

[Event "22PCR_F"]
[Site "?"]
[Date "2010.??.??"]
[Round "?"]
[White "Struzka, Vlastimil"]
[Black "Vlacil, Vladimir"]
[Result "1-0"]
[WhiteElo "2235"]
[BlackElo "2125"]
[PlyCount "59"]
[EventDate "2010.??.??"]
[EventType "corr"]

1. d4 Nf6 2. c4 g6 3. Nc3 Bg7 4. e4 d6 5. h3 O-O 6. Nf3 e5 7. d5 Nbd7 8. Bd3
Nc5 9. Bc2 a5 10. a3 Bd7 11. Be3 Ne8 12. b4 axb4 13. axb4 Na6 14. Rb1 f5 15.
exf5 gxf5 16. O-O Nf6 17. b5 Nb8 18. Re1 b6 19. Bd2 e4 20. Nd4 Nxd5 21. Nxe4
Ne7 22. Ng5 Rf6 23. Qh5 h6 24. Nge6 Bxe6 25. Nxe6 Rxe6 26. Rxe6 Nd7 27. Rbe1
Nf6 28. Qf3 Ng6 29. Qxf5 Nh4 30. Qf4 1-0

[Event "22PCR_F"]
[Site "?"]
[Date "2010.??.??"]
[Round "?"]
[White "Bultman, Milan"]
[Black "Cvak, Rudolf"]
[Result "1/2-1/2"]
[WhiteElo "2105"]
[BlackElo "2080"]
[PlyCount "53"]
[EventDate "2010.??.??"]
[EventType "corr"]

1. d4 Nf6 2. Nf3 g6 3. c4 Bg7 4. Nc3 O-O 5. e4 d6 6. Be2 e5 7. dxe5 dxe5 8.
Qxd8 Rxd8 9. Bg5 Re8 10. O-O-O Na6 11. Nd2 h6 12. Bh4 c6 13. Nb3 Nd7 14. Bg4
Ndc5 15. Bxc8 Nxb3+ 16. axb3 Raxc8 17. f3 Bf8 18. Kc2 Kg7 19. Na2 g5 20. Bf2
Bc5 21. Be1 Red8 22. Bc3 f6 23. b4 Be7 24. Ra1 Rd7 25. h4 Rcd8 26. c5 Nc7 27.
Nc1 1/2-1/2

[Event "22PCR_F"]
[Site "?"]
[Date "2010.??.??"]
[Round "?"]
[White "Cvak, Rudolf"]
[Black "Bultman, Milan"]
[Result "1/2-1/2"]
[WhiteElo "2080"]
[BlackElo "2105"]
[PlyCount "50"]
[EventDate "2010.??.??"]
[EventType "corr"]

1. e4 c5 2. Nf3 d6 3. d4 cxd4 4. Nxd4 Nf6 5. Nc3 a6 6. Be3 e6 7. Be2 Nc6 8. O-O
Be7 9. f4 O-O 10. Qe1 Nxd4 11. Bxd4 b5 12. Rd1 Bb7 13. Bf3 b4 14. Na4 Qc7 15.
c4 bxc3 16. Nxc3 e5 17. Be3 Rac8 18. f5 h6 19. Qg3 Kh8 20. Qf2 Qb8 21. Qe2 Rc7
22. Rfe1 Rfc8 23. Qd2 Ba8 24. Bf2 Rc4 25. Re2 a5 1/2-1/2

[Event "22PCR_F"]
[Site "?"]
[Date "2010.??.??"]
[Round "?"]
[White "Vlacil, Vladimir"]
[Black "Fejfar, Vlastimil"]
[Result "0-1"]
[WhiteElo "2125"]
[BlackElo "2186"]
[PlyCount "62"]
[EventDate "2010.??.??"]
[EventType "corr"]

1. d4 Nf6 2. c4 g6 3. Nc3 Bg7 4. e4 d6 5. f3 Na6 6. Be3 O-O 7. Qd2 c5 8. d5 Re8
9. O-O-O Qa5 10. Kb1 Nc7 11. Nb5 Qxd2 12. Bxd2 Nxb5 13. cxb5 e6 14. dxe6 Bxe6
15. Ne2 d5 16. exd5 Nxd5 17. Nf4 Nxf4 18. Bxf4 c4 19. g4 Rac8 20. Kc2 Rc5 21.
a4 c3 22. b3 h5 23. Rg1 Bxb3+ 24. Kxb3 c2 25. Bc4 cxd1=Q+ 26. Rxd1 hxg4 27. Bd6
Re3+ 28. Kb4 Rc8 29. Rc1 gxf3 30. Bg3 Bf8+ 31. Ka5 Re4 0-1

[Event "22PCR_F"]
[Site "?"]
[Date "2010.??.??"]
[Round "?"]
[White "Goc, Pavel"]
[Black "Fejfar, Vlastimil"]
[Result "1/2-1/2"]
[WhiteElo "2154"]
[BlackElo "2186"]
[PlyCount "69"]
[EventDate "2010.??.??"]
[EventType "corr"]

1. e4 e5 2. Nf3 Nc6 3. Bb5 a6 4. Ba4 Nf6 5. O-O Be7 6. Re1 b5 7. Bb3 O-O 8. c3
d5 9. exd5 Nxd5 10. Nxe5 Nxe5 11. Rxe5 c6 12. d4 Bd6 13. Re1 Qh4 14. g3 Qh3 15.
Be3 Bg4 16. Qd3 f5 17. f4 Kh8 18. Bxd5 cxd5 19. Nd2 g5 20. Qf1 Qh5 21. a4 Rae8
22. axb5 axb5 23. fxg5 Rxe3 24. Rxe3 f4 25. gxf4 Bxf4 26. Rg3 Qxg5 27. Kh1 Bd6
28. Qg2 Bxg3 29. Qxg3 h5 30. Rf1 Re8 31. Rf4 Re2 32. Rf2 Rxf2 33. Qxf2 Kg7 34.
h4 Qf6 35. Kg2 1/2-1/2

[Event "22PCR_F"]
[Site "?"]
[Date "2010.??.??"]
[Round "?"]
[White "Cvak, Rudolf"]
[Black "Struzka, Vlastimil"]
[Result "1/2-1/2"]
[WhiteElo "2080"]
[BlackElo "2235"]
[PlyCount "75"]
[EventDate "2010.??.??"]
[EventType "corr"]

1. e4 c5 2. Nf3 Nc6 3. d4 cxd4 4. Nxd4 g6 5. c4 Bg7 6. Be3 Qb6 7. Nb3 Qc7 8.
Qd2 Nf6 9. Nc3 d6 10. Be2 O-O 11. O-O b6 12. f3 Bb7 13. Rad1 Rac8 14. Nd4 Nxd4
15. Bxd4 Rfd8 16. a3 Nd7 17. Bxg7 Kxg7 18. b4 Nf6 19. Nd5 Bxd5 20. exd5 e5 21.
dxe6 d5 22. cxd5 Rxd5 23. Qe1 Rxd1 24. Qxd1 fxe6 25. Ba6 Rd8 26. Qe2 e5 27. Re1
Rd5 28. Qe3 e4 29. Be2 exf3 30. Bxf3 Rd7 31. h3 Qg3 32. Qc1 Rc7 33. Qd2 Rd7 34.
Qe3 h6 35. Qc1 Qc7 36. Qe3 Qg3 37. Qc1 Qc7 38. Qb2 1/2-1/2

[Event "22PCR_F"]
[Site "?"]
[Date "2010.??.??"]
[Round "?"]
[White "Struzka, Vlastimil"]
[Black "Cvak, Rudolf"]
[Result "1/2-1/2"]
[WhiteElo "2235"]
[BlackElo "2080"]
[PlyCount "77"]
[EventDate "2010.??.??"]
[EventType "corr"]

1. d4 Nf6 2. c4 g6 3. Nc3 Bg7 4. e4 d6 5. Nf3 O-O 6. h3 e5 7. d5 Na6 8. Bd3 Bd7
9. O-O c6 10. Be3 cxd5 11. Nxd5 Nxd5 12. cxd5 f5 13. exf5 gxf5 14. Ng5 Nc7 15.
Qb3 e4 16. Ne6 Bxe6 17. dxe6 d5 18. Bc5 Nxe6 19. Bxf8 Bxf8 20. Be2 Nd4 21. Qe3
Bg7 22. Bd1 Be5 23. Qd2 Qd6 24. Rc1 Kh8 25. Kh1 Rd8 26. f4 Bg7 27. g4 Rf8 28.
Kg2 Nc6 29. gxf5 Rxf5 30. Bg4 Rf8 31. Rce1 Rf6 32. Qe2 a6 33. Qe3 Bh6 34. Qb6
Qb4 35. Qxb4 Nxb4 36. Rc1 Bxf4 37. Rc7 Bxc7 38. Rxf6 Kg7 39. Re6 1/2-1/2

[Event "22PCR_F"]
[Site "?"]
[Date "2010.??.??"]
[Round "?"]
[White "Vlacil, Vladimir"]
[Black "Struzka, Vlastimil"]
[Result "0-1"]
[WhiteElo "2125"]
[BlackElo "2235"]
[PlyCount "60"]
[EventDate "2010.??.??"]
[EventType "corr"]

1. e4 c5 2. Nf3 Nc6 3. d4 cxd4 4. Nxd4 e5 5. Nb5 d6 6. c4 Nf6 7. N1c3 a6 8. Na3
Be7 9. Be2 Nd4 10. O-O Nxe2+ 11. Qxe2 Be6 12. Be3 O-O 13. f3 Rc8 14. Rac1 Bd7
15. Rfd1 Qc7 16. b3 Qa5 17. Nab1 b5 18. cxb5 axb5 19. Nd5 Nxd5 20. Rxd5 Rxc1+
21. Bxc1 Rc8 22. Rd1 f5 23. a3 b4 24. a4 Be6 25. Qd3 fxe4 26. fxe4 d5 27. exd5
Qxd5 28. Qxd5 Bxd5 29. Nd2 Rc2 30. Nc4 Bc5+ 0-1

[Event "22PCR_F"]
[Site "?"]
[Date "2010.??.??"]
[Round "?"]
[White "Slavik, Miroslav"]
[Black "Struzka, Vlastimil"]
[Result "1/2-1/2"]
[WhiteElo "2263"]
[BlackElo "2235"]
[PlyCount "77"]
[EventDate "2010.??.??"]
[EventType "corr"]

1. e4 c5 2. Nf3 Nc6 3. d4 cxd4 4. Nxd4 g6 5. Nc3 Bg7 6. Be3 Nf6 7. Be2 O-O 8.
f4 d6 9. a3 Qb6 10. Nf5 Qxb2 11. Nxe7+ Nxe7 12. Na4 Qxa1 13. Qxa1 Nc6 14. Bc1
Re8 15. O-O Rxe4 16. Bb5 Nd5 17. Bb2 Bd4+ 18. Bxd4 Nxd4 19. Bd3 Ne2+ 20. Bxe2
Rxe2 21. Rf2 Re7 22. Qd4 Ne3 23. Re2 Nf5 24. Qd2 Rxe2 25. Qxe2 Bd7 26. Nc3 Re8
27. Qd2 h5 28. Nd5 Re6 29. c4 Bc6 30. Kf2 b6 31. Qd3 Kg7 32. g3 Bxd5 33. cxd5
Re3 34. Qa6 Rb3 35. Qxa7 Rb2+ 36. Kg1 Ne3 37. Qa4 Rg2+ 38. Kh1 Rd2 39. Kg1
1/2-1/2

[Event "22PCR_F"]
[Site "?"]
[Date "2010.??.??"]
[Round "?"]
[White "Struzka, Vlastimil"]
[Black "Goc, Pavel"]
[Result "1-0"]
[WhiteElo "2235"]
[BlackElo "2154"]
[PlyCount "57"]
[EventDate "2010.??.??"]
[EventType "corr"]

1. d4 d5 2. c4 c6 3. e3 Nf6 4. Nc3 e5 5. dxe5 Ne4 6. cxd5 Nxc3 7. bxc3 cxd5 8.
f4 Bc5 9. Nf3 O-O 10. Bd3 Bg4 11. Rb1 Qe7 12. O-O Rd8 13. Qb3 b6 14. Nd4 a6 15.
h3 Bc8 16. Rd1 Qh4 17. c4 Bxh3 18. cxd5 Bg4 19. Rf1 Kh8 20. d6 Ra7 21. Be4 b5
22. Bd2 Bxd4 {[%emt 0:00:00]} 23. exd4 Be2 24. Rfc1 Rad7 25. Bf5 Bc4 26. Rxc4
bxc4 27. Qxc4 Ra7 28. Qc5 Ra8 29. Qc7 1-0

[Event "22PCR_F"]
[Site "?"]
[Date "2010.??.??"]
[Round "?"]
[White "Cvak, Rudolf"]
[Black "Urban, Miroslav"]
[Result "0-1"]
[WhiteElo "2080"]
[BlackElo "2231"]
[PlyCount "58"]
[EventDate "2010.??.??"]
[EventType "corr"]

1. e4 c6 2. d4 d5 3. exd5 cxd5 4. c3 Bf5 5. Qb3 Qd7 6. Nf3 Nc6 7. Ne5 Nxe5 8.
dxe5 a6 9. Na3 e6 10. Nb5 Rc8 11. Be3 f6 12. f4 axb5 13. Bxb5 Rc6 14. O-O Kf7
15. a4 Ne7 16. a5 h5 17. Ra4 Kg6 18. Bc5 Be4 19. exf6 gxf6 20. Qa3 Kf7 21. Bxc6
Qxc6 22. a6 b5 23. Rxe4 dxe4 24. a7 Nf5 25. Bxf8 Rxf8 26. Ra1 Ra8 27. Qa6 Qd5
28. Qa2 Qc5+ 29. Kh1 e3 0-1

[Event "22PCR_F"]
[Site "?"]
[Date "2010.??.??"]
[Round "?"]
[White "Cvak, Rudolf"]
[Black "Vlacil, Vladimir"]
[Result "1-0"]
[WhiteElo "2080"]
[BlackElo "2125"]
[PlyCount "33"]
[EventDate "2010.??.??"]
[EventType "corr"]

1. e4 c5 2. Nf3 e6 3. d4 cxd4 4. Nxd4 a6 5. Bd3 Nf6 6. O-O Qc7 7. Qe2 Bc5 8.
Nb3 Ba7 9. e5 Nd5 10. Nc3 Nb4 11. Bf4 Nxd3 12. cxd3 O-O 13. Rac1 Nc6 14. Qg4
Nxe5 15. Qg3 d6 16. d4 Nc4 17. Ne4 1-0

[Event "22PCR_F"]
[Site "?"]
[Date "2010.??.??"]
[Round "?"]
[White "Fejfar, Vlastimil"]
[Black "Urban, Miroslav"]
[Result "0-1"]
[WhiteElo "2186"]
[BlackElo "2231"]
[PlyCount "66"]
[EventDate "2010.??.??"]
[EventType "corr"]

1. e4 c6 2. d4 d5 3. e5 Bf5 4. Nf3 e6 5. c3 Nd7 6. Be2 Ne7 7. O-O h6 8. Nbd2
Bh7 9. b3 c5 10. dxc5 Nxc5 11. Nd4 Nc6 12. N2f3 Be7 13. Bf4 O-O 14. Nxc6 bxc6
15. Nd4 Rc8 16. f3 Nd7 17. Ba6 Rb8 18. Bd3 Bxd3 19. Qxd3 Qb6 20. Qe3 a5 21.
Rfd1 a4 22. bxa4 c5 23. Nb3 c4 24. Nd4 Nc5 25. a5 Qc7 26. Kh1 Rfc8 27. a6 Nd3
28. Rxd3 cxd3 29. Qxd3 Qc4 30. Qxc4 Rxc4 31. Bd2 Ra8 32. f4 Rxa6 33. Nb3 f6 0-1

[Event "22PCR_F"]
[Site "?"]
[Date "2010.??.??"]
[Round "?"]
[White "Urban, Miroslav"]
[Black "Fejfar, Vlastimil"]
[Result "1-0"]
[WhiteElo "2231"]
[BlackElo "2186"]
[PlyCount "51"]
[EventDate "2010.??.??"]
[EventType "corr"]

1. c4 Nf6 2. Nf3 e6 3. d4 b6 4. g3 Ba6 5. Qa4 c6 6. Nc3 Be7 7. Bf4 Qc8 8. Bg2
O-O 9. O-O d5 10. Ne5 Qb7 11. Rfc1 b5 12. cxb5 cxb5 13. Qd1 Nbd7 14. e4 Nb6 15.
exd5 Nbxd5 16. Bg5 Rac8 17. Bxf6 Bxf6 18. Nxd5 exd5 19. Rxc8 Rxc8 20. Qb3 Rd8
21. Rc1 Bxe5 22. dxe5 b4 23. Rd1 Be2 24. Rd2 Bh5 25. Rxd5 Rxd5 26. Qxd5 1-0

[Event "22PCR_F"]
[Site "?"]
[Date "2010.??.??"]
[Round "?"]
[White "Fejfar, Vlastimil"]
[Black "Slavik, Miroslav"]
[Result "0-1"]
[WhiteElo "2186"]
[BlackElo "2263"]
[PlyCount "88"]
[EventDate "2010.??.??"]
[EventType "corr"]

1. e4 c6 2. d4 d5 3. e5 Bf5 4. Nf3 e6 5. Be2 c5 6. Nc3 Nc6 7. O-O Bg4 8. Be3
Bxf3 9. Bxf3 cxd4 10. Bxd4 Nge7 11. Nb5 Nf5 12. Bc3 Qb6 13. g4 Nh4 14. Be2 a6
15. Bd4 Nxd4 16. Nxd4 Bc5 17. Nb3 Ng6 18. Nxc5 Qxc5 19. Re1 O-O 20. Bd3 Qb4 21.
b3 Qf4 22. Bxg6 fxg6 23. Qe2 Rac8 24. Rad1 Rc7 25. Rd3 Rfc8 26. Rd2 Rc3 27. Kg2
b5 28. a4 b4 29. Red1 Qf7 30. Rf1 g5 31. Re1 a5 32. Ra1 h6 33. h3 Qc7 34. Ra2
Rc5 35. Qa6 Rc6 36. Qe2 Rf8 37. Rd4 Rc3 38. Rd3 Rc5 39. f3 Rf4 40. Qe3 d4 41.
Rxd4 Rxd4 42. Qxd4 Rxc2+ 43. Rxc2 Qxc2+ 44. Kg3 Qxb3 0-1